000 00675nam a2200241Ia 4500
003 OSt
005 20220928103026.0
006 a|||||r|||| 00| 0
007 ta
008 220927b |||||||| |||| 00| 0 eng d
024 _a60885
037 _cTextual
040 _aSDCL
_cSDCL
_beng
041 _2eng
_aeng
082 _aP15,Cx1,1,2, L9
100 _aPatanjali
_9401853
245 0 _aVyakarana - mahabhasyam
_b 1st
260 _aNew Delhi
_bMeharchandra Lachhamandass
_c1979
300 _a193p.
_ccm.
700 _a Prakasa Veda Ed.
_9401854
942 _hP15,Cx1,1,2, L9
_cTEXL
_2CC
999 _c717705
_d717705